[Event "Karpacz op"]
[Site "Karpacz"]
[Date "2010.02.25"]
[Round "5"]
[White "Chudzik, Tomasz"]
[Black "Gromala, Radoslaw"]
[Result "1/2-1/2"]
[WhiteElo "1873"]
[BlackElo "1648"]
[PlyCount "68"]
[EventDate "2010.02.21"]
[EventType "swiss"]
[EventRounds "9"]
[EventCountry "POL"]
[SourceTitle "CBM 135 Extra"]
[Source "ChessBase"]
[SourceDate "2010.05.04"]
[SourceVersion "1"]
[SourceVersionDate "2010.05.04"]
[SourceQuality "1"]

1. e4 c5 2. Nf3 d6 3. d4 cxd4 4. Nxd4 Nf6 5. Nc3 a6 6. Be3 e6 7. Be2 Be7 8. g4 h6 9. Qd2 b5 10. f3 Bb7 11. 0-0-0 Nbd7 12. h4 Nb6 13. g5 Nfd7 14. gxh6 gxh6 15. Bxh6 Bxh4 16. Bg7 Rg8 17. Rdg1 Bf6 18. Qh6 Bxg7 19. Rxg7 Rxg7 20. Qh8+ Ke7 21. Qxg7 Qg8 22. Qh6 Qg3 23. Qe3 Rg8 24. Nd5+ Bxd5 25. exd5 Nxd5 26. Nf5+ Kd8 27. Qa7 Qf4+ 28. Kb1 Nc7 29. Nd4 Kc8 30. Nc6 Re8 31. Rd1 d5 32. Na5 Kd8 33. Nc6+ Kc8 34. Na5 Kd8 1/2-1/2

[Event "Karpacz op"]
[Site "Karpacz"]
[Date "2010.02.22"]
[Round "1"]
[White "Rogacka, Natalia"]
[Black "Chudzik, Tomasz"]
[Result "0-1"]
[WhiteElo "1508"]
[BlackElo "1873"]
[PlyCount "132"]
[EventDate "2010.02.21"]
[EventType "swiss"]
[EventRounds "9"]
[EventCountry "POL"]
[SourceTitle "CBM 135 Extra"]
[Source "ChessBase"]
[SourceDate "2010.05.04"]
[SourceVersion "1"]
[SourceVersionDate "2010.05.04"]
[SourceQuality "1"]

1. e4 c5 2. Nf3 Nc6 3. d4 cxd4 4. Nxd4 Nf6 5. Nc3 e5 6. Ndb5 d6 7. Bd3 a6 8. Na3 b5 9. Nab1 h6 10. a3 Be6 11. Be3 Ng4 12. Qe2 Nxe3 13. Qxe3 Be7 14. 0-0 Bg5 15. Qe2 0-0 16. Nd2 Nd4 17. Qd1 Qf6 18. Ne2 Nc6 19. Nf3 Bf4 20. Nxf4 exf4 21. c3 g5 22. Be2 g4 23. Nd4 Ne5 24. Nxe6 Qxe6 25. f3 g3 26. hxg3 fxg3 27. f4 Qe7 28. Bg4 Nc4 29. Qe2 Kh8 30. b3 Qa7+ 31. Kh1 Ne3 32. Rfe1 Nxg4 33. Qxg4 Rg8 34. Qh4 Kh7 35. Rad1 Qc5 36. Rc1 Qxa3 37. b4 Qb3 38. Qf6 Qe6 39. Qxe6 fxe6 40. Re3 a5 41. bxa5 Rxa5 42. Rd3 Ra4 43. Re1 Ra6 44. Kg1 Rg4 45. Rf3 h5 46. f5 exf5 47. Rxf5 Kg6 48. Rxb5 Rxe4 49. Kf1 Rxe1+ 50. Kxe1 Ra2 51. Kf1 Rf2+ 52. Kg1 Rc2 53. Kf1 Rf2+ 54. Kg1 Rd2 55. Kf1 d5 56. Rb3 h4 57. Rb4 Kg5 58. c4 Rf2+ 59. Kg1 Rc2 60. Rb1 dxc4 61. Re1 c3 62. Kf1 Rf2+ 63. Kg1 c2 64. Rc1 Rd2 65. Kf1 Rd1+ 66. Rxd1 cxd1Q# 0-1

[Event "POL-ch U16"]
[Site "Chotowa"]
[Date "2009.04.02"]
[Round "8"]
[White "Chudzik, Tomasz"]
[Black "Kadziela, Konrad"]
[Result "1-0"]
[WhiteElo "1889"]
[BlackElo "1862"]
[PlyCount "69"]
[EventDate "2009.03.28"]
[EventType "swiss"]
[EventRounds "11"]
[EventCountry "POL"]
[SourceTitle "EXT 2011"]
[Source "ChessBase"]
[SourceDate "2010.11.26"]
[SourceVersion "1"]
[SourceVersionDate "2010.11.26"]
[SourceQuality "1"]

1. e4 e6 2. d3 d5 3. Nd2 Nf6 4. g3 c5 5. Bg2 Nc6 6. Ngf3 Bd6 7. 0-0 0-0 8. Re1 Qc7 9. Qe2 dxe4 10. dxe4 e5 11. c3 a6 12. Nc4 Be7 13. Nh4 b5 14. Ne3 Rb8 15. Nd5 Nxd5 16. exd5 Bxh4 17. dxc6 Bf6 18. Be3 c4 19. a4 Re8 20. axb5 Rxb5 21. Be4 Be7 22. Reb1 Bc5 23. Qxc4 Bxe3 24. fxe3 Qb6 25. Qe2 f5 26. Bd3 Qxc6 27. Bxb5 axb5 28. e4 Bb7 29. Rf1 g6 30. Rad1 Qc5+ 31. Qf2 Qc4 32. Rfe1 Bxe4 33. Qb6 Re6 34. Qd8+ Kg7 35. Rd7+ 1-0

[Event "Polanica Zdroj op-B 44th"]
[Site "Polanica Zdroj"]
[Date "2008.08.25"]
[Round "7"]
[White "Chudzik, Tomasz"]
[Black "Wielosz, Jaroslaw"]
[Result "0-1"]
[WhiteElo "1860"]
[BlackElo "1975"]
[PlyCount "64"]
[EventDate "2008.08.19"]
[EventType "swiss"]
[EventRounds "10"]
[EventCountry "POL"]
[SourceTitle "CBM 126 Extra"]
[Source "ChessBase"]
[SourceDate "2008.11.05"]
[SourceVersion "1"]
[SourceVersionDate "2008.11.05"]
[SourceQuality "1"]

1. e4 e5 2. Nf3 Nc6 3. Bb5 a6 4. Ba4 Nf6 5. 0-0 Be7 6. Re1 b5 7. Bb3 d6 8. c3 0-0 9. h3 Na5 10. Bc2 c5 11. d4 Qc7 12. Nbd2 cxd4 13. cxd4 Nc6 14. Nf1 exd4 15. Bf4 Qb6 16. Rc1 Be6 17. Bb1 Rac8 18. Ng3 g6 19. Ne2 d5 20. e5 Ne4 21. Nexd4 Nxd4 22. Nxd4 Rxc1 23. Bxc1 Bc5 24. Be3 Bc8 25. b4 Bxb4 26. Nf5 Qe6 27. Nh6+ Kg7 28. Bxe4 dxe4 29. Re2 Qe7 30. Qd4 Rd8 31. Qxe4 Rd1+ 32. Kh2 Bc3 0-1

[Event "POL-chT U19 2nd League"]
[Site "Lublin"]
[Date "2007.07.09"]
[Round "3"]
[White "Chudzik, Tomasz"]
[Black "Lapaj, Mateusz"]
[Result "1-0"]
[WhiteElo "1874"]
[BlackElo "1794"]
[PlyCount "83"]
[EventDate "2007.07.07"]
[EventType "team-swiss"]
[EventRounds "11"]
[EventCountry "POL"]
[SourceTitle "EXT 2010"]
[Source "ChessBase"]
[SourceDate "2010.11.25"]
[SourceVersion "1"]
[SourceVersionDate "2010.11.25"]
[SourceQuality "1"]
[WhiteTeam "Skierniewice KS Piatka U19"]
[BlackTeam "Opole Rodlo U19"]
[WhiteTeamCountry "POL"]
[BlackTeamCountry "POL"]

1. e4 e6 2. d4 d5 3. Nc3 Bb4 4. e5 c5 5. Bd2 Ne7 6. Nb5 Bxd2+ 7. Qxd2 0-0 8. f4 Nbc6 9. Nf3 f6 10. 0-0-0 fxe5 11. dxe5 a6 12. Nd6 Qa5 13. Qxa5 Nxa5 14. g3 Nac6 15. Bh3 Nd8 16. Ng5 Bd7 17. Rhf1 h6 18. Nf3 Bc6 19. c3 Bb5 20. Rf2 Bc6 21. b4 cxb4 22. cxb4 Nc8 23. Nxc8 Rxc8 24. Rc2 Rf7 25. Nd4 Bd7 26. Rdd2 Kf8 27. Rxc8 Bxc8 28. Rc2 Bd7 29. Rc7 Re7 30. Kd2 Nc6 31. Kc3 Nxd4 32. Kxd4 Bc6 33. Rxe7 Kxe7 34. Kc5 Kd7 35. Kb6 d4 36. Bg4 Ba4 37. Kxb7 d3 38. Kxa6 d2 39. b5 d1Q 40. Bxd1 Bxd1 41. b6 Kc8 42. Ka7 1-0

[Event "POL-ch U14"]
[Site "Turawa"]
[Date "2007.04.29"]
[Round "4"]
[White "Borowicz, Przemyslaw"]
[Black "Chudzik, Tomasz"]
[Result "1-0"]
[WhiteElo "1926"]
[BlackElo "1914"]
[PlyCount "149"]
[EventDate "2007.04.27"]
[EventType "swiss"]
[EventRounds "10"]
[EventCountry "POL"]
[SourceTitle "EXT 2011"]
[Source "ChessBase"]
[SourceDate "2010.11.26"]
[SourceVersion "1"]
[SourceVersionDate "2010.11.26"]
[SourceQuality "1"]

1. d4 Nf6 2. c4 g6 3. Nc3 Bg7 4. e4 d6 5. Nf3 0-0 6. Be2 e5 7. dxe5 dxe5 8. Qxd8 Rxd8 9. Bg5 Re8 10. Nd5 Nxd5 11. cxd5 f5 12. Rc1 c6 13. Bc4 Kh8 14. Nd2 Bd7 15. f3 cxd5 16. exd5 Rc8 17. 0-0 Na6 18. Be3 Bf8 19. a3 Bc5 20. Bxc5 Nxc5 21. Rfe1 Re8 22. Re3 e4 23. b4 f4 24. Re2 Nd3 25. Rc3 Nb2 26. Nxe4 Nxc4 27. Rxc4 Bb5 28. Rc7 Rac8 29. Rec2 Rcd8 30. Rxb7 Rxd5 31. Rxb5 Rxb5 32. Nd6 Rbb8 33. Nxe8 Rxe8 34. Rc7 Re1+ 35. Kf2 Ra1 36. Rxa7 Ra2+ 37. Kf1 Ra1+ 38. Ke2 Ra2+ 39. Kd3 Rxg2 40. Ke4 Rxh2 41. Kxf4 h5 42. b5 Rb2 43. a4 h4 44. Kg4 g5 45. Kxg5 h3 46. Kh6 Kg8 47. Rg7+ Kf8 48. Rg3 h2 49. Rh3 Rg2 50. b6 Ke8 51. b7 Rb2 52. Kg5 Rxb7 53. Rxh2 Rb6 54. Re2+ Kf7 55. Re4 Ra6 56. Kf4 Ra5 57. Ke3 Kf6 58. Kd3 Ra8 59. Kc3 Kf5 60. Kb4 Rb8+ 61. Ka3 Ra8 62. Kb4 Rb8+ 63. Kc5 Rb3 64. a5 Rxf3 65. Re8 Ra3 66. Kb6 Rb3+ 67. Ka7 Kf6 68. a6 Kf7 69. Re4 Kf8 70. Re6 Kf7 71. Rb6 Rd3 72. Kb7 Ke7 73. a7 Rd7+ 74. Ka6 Rd8 75. Rb8 1-0